000 00598nam a2200241 a 4500
001 nice12345678
003 IN_TiNIC
005 20260116012105.0
008 050524s1972 sima grp 000 0 eng
020 _a
_c100
082 0 0 _a220.15
_bSTA1
100 _aStanton, Don E
245 _aNow and the Near, Future Prophesied.
260 _aSimla
_bBhavani Stereotypic Press
_c1972
300 _a158p
500 _aincludes index and biblioraphy
505 2 _aV1 And V3 Only
650 _aBible-Prophecies
700 1 _aStanton, Don E
902 _bSRS
942 _cBK
999 _c5599
_d5599